Lanean...

Language arts in childhood education

Xehetasun bibliografikoak
Egile nagusia: Burns, Paul C
Formatua: Printed Book
Hizkuntza:English
Edizioa:4
Gaiak:
LEADER 00363nam a2200121Ia 4500
008 101008s9999 xx 000 0 eng d
100 |a Burns, Paul C 
245 |a Language arts in childhood education 
250 |a 4 
650 |a Learning 
942 |c BK 
999 |c 181719  |d 181719 
952 |0 0  |1 0  |4 0  |7 0  |9 201011  |a EDU  |b EDU  |c ST1  |d 2010-10-20  |i 3239  |l 0  |p EDU3239  |r 2018-08-29  |w 2018-08-29  |y BK